000 00286nam a22001217a 4500
008 180522b xxu||||| |||| 00| 0 eng d
041 _aeng
080 _a043.3
100 _a0
101 _aSHJ-BTH
245 _aTrafikimi i qenieve njerëzore në Kosovë
_cHashani,S
942 _2udc
_cBK
999 _c46217
_d46217